000 06397nas1a22006731 4500
001 RU\NLR\INFOCOMM20\5000038127
005 20250807185432.0
035 _a(NLR Aleph) 002428979
090 _a819
_c819
100 _a20050207c1938 u y0rusy50 ca
101 0 _arus
102 _aRU
110 _azyuzz 0|y|
200 1 _aТехническая информация
_fМ-во лес. и бум. пром. СССР. Главлесосплав. Волжско-Кам. филиал ЦНИИЛесосплава
210 _aКазань
_cТатгосиздат
_d1938-1953
710 0 2 _aЦентральный научно-исследовательский институт лесосплава
_bВолжско-Камский филиал
_cЛенинград
_4070
801 1 _aRU
_bInfoComm
_c20050207
801 0 _aRU
_bNLR
_gPSBO
852 _aNLR
_j38-17/266
852 _aNLR
_bС60
_jГ-4/25
852 _aNLR
_jП10/823
942 _cSE
945 _aРоссийская национальная библиотека
980 _aNB
980 _aBV
980 _aRUSPER